Dynamics of leadership in public service : Theory and practice
| Main Author: | |
|---|---|
| Format: | Book |
| Published: |
New Delhi :
Jaico Publishing House ,
2006
|
| Subjects: |
MARC
| LEADER | 00000cam a2200000 7i4500 | ||
|---|---|---|---|
| 001 | 0000018483 | ||
| 005 | 20080605.0 | ||
| 008 | 080605 | ||
| 020 | |a 817992534X | ||
| 090 | 0 | 0 | |a 352.39 |b VAN |
| 100 | 1 | |a Van Wart, Montgomery | |
| 245 | 0 | 0 | |a Dynamics of leadership in public service : |b Theory and practice |c Montgomery Van Wart |
| 260 | |a New Delhi : |b Jaico Publishing House , |c 2006 | ||
| 650 | 0 | |a Leadership handbooks, manual, etc. | |
| 650 | 0 | |a Public administration handbooks, manual, etc. | |
| 999 | |a 0001012159 |b Book |c REFERENCE |e Perbadanan Perpustakaan Awam Johor | ||